|
|
|
|
| LEADER |
00000nab a2200000 ar4500 |
| 001 |
vtls008996409 |
| 003 |
SK-MaSNL |
| 005 |
20260303065742.0 |
| 008 |
070606c2006 xo er|p|||||||000 b|slo |
| 015 |
|
|
|a SNBRB2007/06
|2 snkbucl
|
| 038 |
|
|
|a SNKBUCL
|
| 040 |
|
|
|a SNKBUCL
|b slo
|c SNKBUCL
|e AACR2
|
| 041 |
0 |
|
|a slo
|
| 044 |
|
|
|a xo
|c SK
|
| 080 |
|
|
|a 629.331.1
|2 2001
|
| 100 |
1 |
|
|a Horvát, Andrej
|4 aut
|9 856766
|
| 245 |
1 |
0 |
|a Praktickejší člen rodiny
|b automobil, ktorý by chcel zabodovať tam, kde to nedokázalo nové Toledo
|c Andrej Horvát
|
| 300 |
|
|
|b Fotogr., tab.
|
| 650 |
0 |
7 |
|a Seat Altea XL (osobný automobil)
|2 snkbucl
|9 1066232
|
| 650 |
0 |
7 |
|a osobné automobily
|2 snkbucl
|9 26643
|
| 773 |
0 |
|
|t Profit
|g Č. 22 (2006), s. 66-67
|x 1335-4620
|
| 852 |
|
|
|a SNK
|b KIS3GCP
|
| 999 |
|
|
|c 1752522
|d 1754452
|